| 000 | 00620nab a2200181 4500 | ||
|---|---|---|---|
| 999 |
_c372349 _d372349 |
||
| 001 | 90031 | ||
| 003 | OSt | ||
| 005 | 20230411120309.0 | ||
| 007 | tu | ||
| 008 | 110905s2000||||||| | ||
| 040 |
_aDE-2950 _cDE-2950 |
||
| 245 | 0 | 0 |
_aAnwohner waren schwer zu finden. _bBeschilderung. Die Stadt Frankfurt hat eine ganze Reihe neuer Straßennamen bekommen. Die Umbenennung vollzog sich still und leise per Verwaltungsakt. / _cInes Weber-Rath |
| 264 | _c2023 | ||
| 653 | _aFrankfurt (Oder) | ||
| 653 | _aStraßennamen | ||
| 773 | 0 |
_g34. Jahrgang (2023) Nr. 80, 04.04.2023, S. 16: mit Foto _tMärkische Oderzeitung |
|
| 942 |
_2z _cA |
||